01202nam a2200241 i 450000100060000000300090000600500170001500700030003200800410003510000240007624502170010026000610031730000210037850000550039950000190045450001380047370000350061170000240064670000200067070000220069085200860071285201620079842469ES-MaACL20251013220208.0t|030331s1869 sp ||||1| spa d1 aCrémieux, Hector.10aGenoveva de Brabante b: zarzuela bufa en tres actos / cescrita en francés por Mrs. Cremieux y Trefeu ; música del célebre... Offembach ; arreglada a la escena española por los señores Godino y Bardan. aMadrid : b[s.n.], c1869 (fImp. de José Rodríguez) a82 p. ; c18 cm. aPrecede al tit.: Repertorio de los Bufos Arderius. aSolo el texto. aRepresentada por primera vez en la inauguración de la segunda temporada del Teatro de los Bufos Arderius en 4 de setiembre de 1869.1 aTréfeu, Etienne, d1821-19031 aOffembach, Jacques.1 aGodino, Manuel.1 aBardan, Federico. aES-MaACLjD-677(1) q. - Encuadernado con otras obras z.- Legado M. de la Fuente1 aBA jF-8552(1) zEnc. en un vol. facticio, formando parte de la col. facticia "Teatro español moderno", v. 4 zFirma manuscrita de Gustavo Saenz Diez, 1878